Mecánica de materiales
Guardat en:
| Autor principal: | |
|---|---|
| Format: | Llibre |
| Idioma: | espanyol |
| Publicat: |
Ciudad de México
Continental
1994
|
| Edició: | 1a. ed |
| Matèries: | |
| Etiquetes: |
Afegir etiqueta
Sense etiquetes, Sigues el primer a etiquetar aquest registre!
|
MARC
| LEADER | 00000cam a2200000 a 4500 | ||
|---|---|---|---|
| 001 | UCF2570 | ||
| 003 | CL-VaPUC | ||
| 008 | 120830e19940000MX |||||||||||||||||spa|d | ||
| 020 | |a 9682612454 | ||
| 082 | 0 | 4 | |a 620.1123 |b HIB |2 21 |
| 100 | |a Hibbeler, Russell C |e author |9 591026 | ||
| 245 | 1 | 0 | |a Mecánica de materiales |
| 250 | |a 1a. ed | ||
| 300 | |a 823 p | ||
| 942 | |c BK | ||
| 945 | |d 20120830 00:00:00 |a cmena | ||
| 260 | |a Ciudad de México |b Continental |c 1994 | ||
| 650 | 0 | |a Mecánica de los materiales |9 434867 | |
| 650 | 0 | |a Carga axial |9 418457 | |
| 650 | 0 | |a Torsión |9 266757 | |
| 650 | 0 | |a Vigas |9 363949 | |
| 650 | 0 | |a Análisis de materiales |9 434869 | |
| 650 | 0 | |a Estática |9 260452 | |
| 583 | |a last modification |c 20120830 10:25:00 |k Rodrigo Vera | ||
| 999 | |c 349112 |d 349110 | ||
| 952 | |0 0 |1 0 |2 ddc |4 0 |6 620_112300000000000_HIB_1994 |7 0 |8 A |9 451543 |a BIBMEC |b BIBMEC |d 2019-11-22 |i 4884752 |o 620.1123 HIB 1994 |p 4884752 |r 2024-01-19 |w 2019-11-22 |y BK_P |k MEC | ||